<?xml version="1.0" encoding="UTF-8"?>
<collection xmlns="http://www.loc.gov/MARC21/slim">
 <record>
  <leader>02593nam a22003137a 4500</leader>
  <controlfield tag="001">NCT_139094</controlfield>
  <controlfield tag="008">220630b        xxu||||| |||| 00| 0 vie d</controlfield>
  <datafield tag="999" ind1=" " ind2=" ">
   <subfield code="c">7175</subfield>
   <subfield code="d">7175</subfield>
  </datafield>
  <datafield tag="020" ind1=" " ind2=" ">
   <subfield code="c">57000</subfield>
  </datafield>
  <datafield tag="082" ind1="0" ind2="4">
   <subfield code="2">23rd ed.</subfield>
   <subfield code="a">629.895</subfield>
   <subfield code="b">H513</subfield>
  </datafield>
  <datafield tag="100" ind1="1" ind2=" ">
   <subfield code="a">Trần Thanh Hùng</subfield>
   <subfield code="e">Biên soạn</subfield>
  </datafield>
  <datafield tag="245" ind1="1" ind2="0">
   <subfield code="a">Giáo trình PLC ứng dụng trong tự động hóa quá trình sản xuất</subfield>
   <subfield code="c">Trần Thanh Hùng, Nguyễn Hoàng Dũng (Biên soạn)</subfield>
  </datafield>
  <datafield tag="260" ind1=" " ind2=" ">
   <subfield code="a">Cần Thơ</subfield>
   <subfield code="b">Đại học Cần Thơ</subfield>
   <subfield code="c">2012</subfield>
  </datafield>
  <datafield tag="300" ind1=" " ind2=" ">
   <subfield code="a">415 tr.</subfield>
   <subfield code="b">Minh họa</subfield>
   <subfield code="c">24cm</subfield>
  </datafield>
  <datafield tag="520" ind1="3" ind2=" ">
   <subfield code="a">Giáo trình giới thiệu về bộ điều khiển logic khả trình và kiến trúc phần cứng, hệ thống số, mã hóa và đại cương về logic, phương pháp và ngôn ngữ lập trình PLC, mạng PLC, lập trình ứng dụng.</subfield>
  </datafield>
  <datafield tag="653" ind1=" " ind2=" ">
   <subfield code="a">Công nghệ thông tin</subfield>
  </datafield>
  <datafield tag="700" ind1="1" ind2=" ">
   <subfield code="a">Nguyễn Hoàng Dũng</subfield>
   <subfield code="e">Biên soạn</subfield>
  </datafield>
  <datafield tag="942" ind1=" " ind2=" ">
   <subfield code="2">ddc</subfield>
   <subfield code="c">BK</subfield>
  </datafield>
  <datafield tag="952" ind1=" " ind2=" ">
   <subfield code="0">0</subfield>
   <subfield code="1">0</subfield>
   <subfield code="2">ddc</subfield>
   <subfield code="4">0</subfield>
   <subfield code="6">629_895000000000000_H513</subfield>
   <subfield code="7">0</subfield>
   <subfield code="9">25623</subfield>
   <subfield code="a">000001</subfield>
   <subfield code="b">000001</subfield>
   <subfield code="d">2022-07-13</subfield>
   <subfield code="o">629.895 H513</subfield>
   <subfield code="p">MD.20136</subfield>
   <subfield code="r">2022-07-13</subfield>
   <subfield code="v">57000.00</subfield>
   <subfield code="w">2022-07-13</subfield>
   <subfield code="y">BK</subfield>
  </datafield>
  <datafield tag="952" ind1=" " ind2=" ">
   <subfield code="0">0</subfield>
   <subfield code="1">0</subfield>
   <subfield code="2">ddc</subfield>
   <subfield code="4">0</subfield>
   <subfield code="6">629_895000000000000_H513</subfield>
   <subfield code="7">0</subfield>
   <subfield code="9">25624</subfield>
   <subfield code="a">000001</subfield>
   <subfield code="b">000001</subfield>
   <subfield code="d">2022-07-13</subfield>
   <subfield code="o">629.895 H513</subfield>
   <subfield code="p">MD.20137</subfield>
   <subfield code="r">2022-07-13</subfield>
   <subfield code="v">57000.00</subfield>
   <subfield code="w">2022-07-13</subfield>
   <subfield code="y">BK</subfield>
  </datafield>
  <datafield tag="952" ind1=" " ind2=" ">
   <subfield code="0">0</subfield>
   <subfield code="1">0</subfield>
   <subfield code="2">ddc</subfield>
   <subfield code="4">0</subfield>
   <subfield code="6">629_895000000000000_H513</subfield>
   <subfield code="7">0</subfield>
   <subfield code="9">25625</subfield>
   <subfield code="a">000001</subfield>
   <subfield code="b">000001</subfield>
   <subfield code="d">2022-07-13</subfield>
   <subfield code="o">629.895 H513</subfield>
   <subfield code="p">MD.20138</subfield>
   <subfield code="r">2022-07-13</subfield>
   <subfield code="v">57000.00</subfield>
   <subfield code="w">2022-07-13</subfield>
   <subfield code="y">BK</subfield>
  </datafield>
  <datafield tag="952" ind1=" " ind2=" ">
   <subfield code="0">0</subfield>
   <subfield code="1">0</subfield>
   <subfield code="2">ddc</subfield>
   <subfield code="4">0</subfield>
   <subfield code="6">629_895000000000000_H513</subfield>
   <subfield code="7">0</subfield>
   <subfield code="9">25626</subfield>
   <subfield code="a">000001</subfield>
   <subfield code="b">000001</subfield>
   <subfield code="d">2022-07-13</subfield>
   <subfield code="o">629.895 H513</subfield>
   <subfield code="p">MD.20139</subfield>
   <subfield code="r">2022-07-13</subfield>
   <subfield code="v">57000.00</subfield>
   <subfield code="w">2022-07-13</subfield>
   <subfield code="y">BK</subfield>
  </datafield>
  <datafield tag="952" ind1=" " ind2=" ">
   <subfield code="0">0</subfield>
   <subfield code="1">0</subfield>
   <subfield code="2">ddc</subfield>
   <subfield code="4">0</subfield>
   <subfield code="6">629_895000000000000_H513</subfield>
   <subfield code="7">0</subfield>
   <subfield code="9">25627</subfield>
   <subfield code="a">000001</subfield>
   <subfield code="b">000001</subfield>
   <subfield code="d">2022-07-13</subfield>
   <subfield code="o">629.895 H513</subfield>
   <subfield code="p">MD.20140</subfield>
   <subfield code="r">2022-07-13</subfield>
   <subfield code="v">57000.00</subfield>
   <subfield code="w">2022-07-13</subfield>
   <subfield code="y">BK</subfield>
  </datafield>
  <datafield tag="952" ind1=" " ind2=" ">
   <subfield code="0">0</subfield>
   <subfield code="1">0</subfield>
   <subfield code="2">ddc</subfield>
   <subfield code="4">0</subfield>
   <subfield code="6">629_895000000000000_H513</subfield>
   <subfield code="7">0</subfield>
   <subfield code="9">25628</subfield>
   <subfield code="a">000001</subfield>
   <subfield code="b">000001</subfield>
   <subfield code="d">2022-07-13</subfield>
   <subfield code="o">629.895 H513</subfield>
   <subfield code="p">MD.20141</subfield>
   <subfield code="r">2022-07-13</subfield>
   <subfield code="v">57000.00</subfield>
   <subfield code="w">2022-07-13</subfield>
   <subfield code="y">BK</subfield>
  </datafield>
  <datafield tag="952" ind1=" " ind2=" ">
   <subfield code="0">0</subfield>
   <subfield code="1">0</subfield>
   <subfield code="2">ddc</subfield>
   <subfield code="4">0</subfield>
   <subfield code="6">629_895000000000000_H513</subfield>
   <subfield code="7">0</subfield>
   <subfield code="9">25629</subfield>
   <subfield code="a">000001</subfield>
   <subfield code="b">000001</subfield>
   <subfield code="d">2022-07-13</subfield>
   <subfield code="o">629.895 H513</subfield>
   <subfield code="p">MD.20142</subfield>
   <subfield code="r">2022-07-13</subfield>
   <subfield code="v">57000.00</subfield>
   <subfield code="w">2022-07-13</subfield>
   <subfield code="y">BK</subfield>
  </datafield>
  <datafield tag="952" ind1=" " ind2=" ">
   <subfield code="0">0</subfield>
   <subfield code="1">0</subfield>
   <subfield code="2">ddc</subfield>
   <subfield code="4">0</subfield>
   <subfield code="6">629_895000000000000_H513</subfield>
   <subfield code="7">0</subfield>
   <subfield code="9">25630</subfield>
   <subfield code="a">000001</subfield>
   <subfield code="b">000001</subfield>
   <subfield code="d">2022-07-13</subfield>
   <subfield code="o">629.895 H513</subfield>
   <subfield code="p">MD.20143</subfield>
   <subfield code="r">2022-07-13</subfield>
   <subfield code="v">57000.00</subfield>
   <subfield code="w">2022-07-13</subfield>
   <subfield code="y">BK</subfield>
  </datafield>
  <datafield tag="952" ind1=" " ind2=" ">
   <subfield code="0">0</subfield>
   <subfield code="1">0</subfield>
   <subfield code="2">ddc</subfield>
   <subfield code="4">0</subfield>
   <subfield code="6">629_895000000000000_H513</subfield>
   <subfield code="7">0</subfield>
   <subfield code="9">25631</subfield>
   <subfield code="a">000001</subfield>
   <subfield code="b">000001</subfield>
   <subfield code="d">2022-07-13</subfield>
   <subfield code="o">629.895 H513</subfield>
   <subfield code="p">MD.20144</subfield>
   <subfield code="r">2022-07-13</subfield>
   <subfield code="v">57000.00</subfield>
   <subfield code="w">2022-07-13</subfield>
   <subfield code="y">BK</subfield>
  </datafield>
  <datafield tag="952" ind1=" " ind2=" ">
   <subfield code="0">0</subfield>
   <subfield code="1">0</subfield>
   <subfield code="2">ddc</subfield>
   <subfield code="4">0</subfield>
   <subfield code="6">629_895000000000000_H513</subfield>
   <subfield code="7">0</subfield>
   <subfield code="9">25632</subfield>
   <subfield code="a">000001</subfield>
   <subfield code="b">000001</subfield>
   <subfield code="d">2022-07-13</subfield>
   <subfield code="o">629.895 H513</subfield>
   <subfield code="p">MD.20145</subfield>
   <subfield code="r">2022-07-13</subfield>
   <subfield code="v">57000.00</subfield>
   <subfield code="w">2022-07-13</subfield>
   <subfield code="y">BK</subfield>
  </datafield>
  <datafield tag="980" ind1=" " ind2=" ">
   <subfield code="a">Thư viện Trường Đại học Nam Cần Thơ</subfield>
  </datafield>
 </record>
</collection>
